Guess the Changing Flags #2 - Statistics

General Stats
  • This quiz has been taken 72 times
    45 since last reset
  • The average score is 7 of 15
Answer Stats
Hint Answer % Correct
Paint all the stripes blue Somalia
100%
Move the star to the top-left corner, paint it yellowand add a diagonal, red stripe with yellow edges Democratic Republic of the Congo
81%
Remove the star, paint the stripe black andthe top-left triangle green Tanzania
73%
Paint the triangles red, the edges white, androtate by 90 degrees Trinidad and Tobago
69%
Swap the cross color with the background color Iceland
54%
Paint the stripe blue, rotate to the right by45 degrees and add another, horizontal, stripe like this Norway
54%
Add another, smaller star in the right anda bigger one in the bottom-left corner, then paint all the stars white Australia
46%
Remove everything, except for the bottom-leftcorner star and add a yellow, horizontal stripe in the middle Nauru
46%
Move the entire flag to the top-left corner,paint the background blue and add 4 red stars with white edges in the right New Zealand
46%
Add another cross like this, rotate it by 45degrees and move it behind the original cross United Kingdom
42%
Replace the white star with a yellow star circle,paint the stripe red and add white edges to it Cape Verde
35%
Swap the color of the stripe and the edges'color, then remove the circle and the background Austria
27%
Add a crescent and five stars in the top stripe Singapore
27%
Remove the bottom stripe Monaco | Indonesia
23%
Paint the bottom stripe red, remove 4 starsand move everything what remained to the middle Turkey
23%
No matching quizzes found
Score Distribution
Percent of People with Each Score
Percentile by Number Answered
Your Score History
You have not taken this quiz since the last reset